000 00846nas a2200253 4500
001 BR2013006727
003 BR-BrBNA
005 20231205122827.0
007 ta
008 230509b bl.|||p| |||| 00| 00por d
040 _aBR-BrBNA
_bpor
_cBiblioteca Nacional de Agricultura
041 _a(En)
072 _aL60
100 1 _aDumas, L.L.
100 1 _aNessimian, J.L.
245 1 _aDescription of two new species of Marilia Müller (Trichoptera, Odontoceridae)from southeastern Brazil, including the description of the female of Marilia major Müller
650 _aINSETO
650 _aTAXONOMIA
650 _aESPÉCIE
650 _aMATA
773 0 _tRevista Brasileira de Entomologia (Brazil)
_xISSN 0085-5626
_g(Jul-Sep 2009), v. 53(3) p. 344-348
_wBR2013006727
909 _a202311
_bLúcia
_c55
_dLúcia Elande
942 _2AGRIS
_n0
_cANA
999 _c230793
_d230793